000 00780cab a2200241 4500
001 ABS42107
008 090401t1990 xxu||||| |||| 00| 0 eng d
035 _a(Sirsi) u34751
041 _aeng
245 _aSuspended timber ground floors
260 _c1990
350 _a0
490 _aBuilding Today
_v199(5843) 15 February 1990, 20-21(2)
520 _aDescribes how to introduce thermal insulation into suspended timber ground floors . Contains illustrations of the process.
650 _aDAMP
650 _aENERGY EFFICIENCY
650 _aBUILT ENVIRONMENT-BUILDING ELEMENTS-COMPLETE BUILDING ELEMENTS-FLOORS
650 _aTIMBER FLOORS
650 _aVENTILATION
690 _aBUILDING AND CONSTRUCTION-ENERGY CONSERVATION
942 _n0
948 _c04/03/1997
999 _c22954
_d22954